000 00477nam a2200121Ia 4500
008 220620s9999||||xx |||||||||||||| ||und||
245 0 _aAdaptive Strategies for Water Heritage
_bPast, Present and Future
546 _aEnglish[eng]
650 _aGeography||Regional planning||Urban planning||Environmental management||Cultural heritage||Engineering design
700 _aHein, Carola
856 _uhttps://library.oapen.org/bitstream/20.500.12657/22917/1/1007244.pdf
942 _cEB
999 _c29754
_d29754